000 01230cem a22002415a 4500
001 L140365
008 070919r19341822xxk a 0 f eng u
035 _a(Sirsi) u140365
041 0 _aeng
110 2 _aLondon Topographical Society
_9106
245 0 0 _aPlan of the Parish of St. Mary, Kensington including Old and New Brompton and the north side of Little Chelsea, also showing Kensington Palace, Gardens, and part of Hyde Park
_breduced from the actual survey completed in the year 1822 by Messrs. Bassett, Christian and Hodgkinson
_h[cartographic material]
250 _aFacsim.
255 _aScale 1:4752
260 _aLondon
_bLondon Topographical Society
_c1934
300 _a1 map
_c70 x 87 cm., folded to 70 x 47 cm. +
_e1 sheet (38 cm.)
500 _aFacsimile map is accompanied by 'Notes on Plan of the Parish of Kensington, 1822' by A. Heywood Jones, Chief Librarian at the Royal Borough of Kensington.
500 _aMap is dedicated to Henry Richard Vassal Fox, Baron Holland, Baron Foxley of Foxley.
500 _aEngraved by Thomas Starling.
651 4 _aLondon
690 _aENVIRONMENTAL AND LAND CONSULTANCY-GEOMATICS-MAPPING AND POSITIONING-CARTOGRAPHY
700 1 _aStarling, Thomas
942 _n0
999 _c116852
_d116852